000 01065cam a22003011 4500
001 28096
003 BD-RjUL
005 20211209051234.0
008 140329s1968 nyuc b 001 0beng
035 _a(BD-RjUL)28177
040 _aDLC
_cDLC
_dDLC
_dBD-RjUL
_beng
041 _aeng
082 0 0 _a973.9170924
_bDAD 1968
100 1 _aDallek, Robert.
_986134
245 1 0 _aDemocrat and diplomat :
_bthe life of William E. Dodd /
_cRobert Dallek.
260 _aNew York :
_bOxford University Press,
_cc1968.
300 _aix, 415 p. :
_bport. ;
_c22 cm.
504 _aIncludes bibliographical references & Index.
600 1 0 _aDodd, William Edward,
_d1869-1940.
_986143
650 0 _aDiplomats
_zUnited States
_vBiography.
_972658
651 0 _aUnited States
_xForeign relations
_zGermany.
_986136
651 0 _aGermany
_xForeign relations
_zUnited States.
_986137
651 0 _aUnited States
_xForeign relations
_y1933-1945.
_96653
651 0 _aGermany
_xPolitics and government
_y1933-1945.
_912334
942 _2ddc
_cBK
999 _c28096
_d28096